000 00559nam a22001937a 4500
999 _c4574
_d4574
003 AR-CdUCM
008 190311b ||||| |||| 00| 0 spa d
040 _aMUNICIPALIDAD PROVINCIAL DEL CUSCO
_cBIBLIOTECA MUNICIPAL DEL CUSCO
082 _24ed.
_a869.96 /
_bM26
100 _aMartí, José
_93892
245 _aProsa y poesía /
260 _aArgentina :
_bKapelusz,
_c1968.
300 _a394 páginas ;
_c16 cm.
500 _aDonación familia Nieto.
650 _aLiteratura argentina
_984
650 _aSiglo XX
_98
942 _2ddc
_cLIBROS
945 _aafb